000 01017cam a2200313 a 4500
001 16542846
003 OSt
005 20210218095658.0
008 101118s2012 maua 001 0 eng
010 _a 2010048072
020 _a9788131788974
038 _aA
040 _aDLC
_cDLC
050 0 0 _aHB172.5
_b.O85 2012
082 0 0 _a339
_222
100 1 _aO'Sullivan, Arthur.
_935707
245 1 0 _aMacroeconomics :
_bprinciples, applications, and tools /
_cArthur O'Sullivan, Steven M. Sheffrin, Stephen J. Perez.
250 _a7th ed.
260 _aBoston :
_bPrentice Hall,
_cc2012.
300 _axxiv, 431 p. :
_bcol. ill. ;
_c28 cm.
500 _aIncludes index.
563 _aP.B
650 0 _aMacroeconomics.
_911176
700 1 _aSheffrin, Steven M.
_935708
700 1 _aPerez, Stephen J.
_935709
906 _a7
_bcbc
_corignew
_d1
_eecip
_f20
_gy-gencatlg
942 _2ddc
_cBK
999 _c2420
_d2420